Crítica de las razones de educar : temas de filosofía de la educación /

Guardado en:
Autor Principal: Cullen, Carlos
Formato: Libro
Publicado: Buenos Aires : Paidós, 1997
Series:Cuestiones de Educación
Materias:
Etiquetas: Agregar Etiqueta
Sin Etiquetas, Sea el primero en etiquetar este registro!
LEADER 00728nam a22002295a 4500
001 CEM.cems010274
005 20080528095708.0
008 130507s1997##################000#0#####d
003 CEMS
020 |a 9501261158 
082 0 4 |a 370.1 
100 1 |a Cullen, Carlos 
245 1 0 |a Crítica de las razones de educar :  |b temas de filosofía de la educación /  |c Carlos Cullen 
260 |a Buenos Aires :  |b Paidós,  |c 1997 
300 |a 260 p. 
490 0 |a Cuestiones de Educación 
505 0 |a Educación y conocimiento -- Educación y valores 
653 |a Educación 
653 |a Axiología educativa 
653 |a Conocimiento 
653 |a Filosofía de la educación 
859 |a CEMS  |b BIB. CEMS - 11 de abril  |h 370.1  |i C897  |p 20851.00  |t Ej.1